| 000 | 01009nam a22002177a 4500 | ||
|---|---|---|---|
| 999 |
_c7855 _d7855 |
||
| 003 | AR-CdUCM | ||
| 008 | 190321b ||||| |||| 00| 0 spa d | ||
| 040 |
_aMUNICIPALIDAD PROVINCIAL DEL CUSCO _cBIBLIOTECA MUNICIPAL DEL CUSCO |
||
| 082 |
_a780.98561 / _bOJ38 _22ed |
||
| 100 |
_aOjeda Vizcarra, Pablo _922215 |
||
| 245 | _aImportancia de la música cusqueña / | ||
| 260 |
_aCusco : _bMunicipalidad del Qosqo, _c1990. |
||
| 300 |
_a125 páginas ; _c21 cm. |
||
| 505 | _aContenido: La música cusqueña frente a al política de donación cultural -- La música indígena del Perú -- Breve recuento histórico -- Músico nacional peruana -- Somos un pueblos que forja su destino -- El criollismo y sus limitaciones -- La intelectualidad cusqueña y la reinvindicación de la música andina ... | ||
| 650 |
_aMúsica - Cusco _922216 |
||
| 650 |
_aMúsica cusqueña _913074 |
||
| 650 |
_aMúsica andina _922217 |
||
| 650 |
_aMúsica - Análisis y crítica _922218 |
||
| 942 |
_2ddc _cLIBROS |
||
| 945 | _alccs | ||